LEADER 01356cam2-2200385---450 001 990000771210203316 005 20201203093305.0 010 $a88-8114-009-8 035 $a0077121 035 $aUSA010077121 035 $a(ALEPH)000077121USA01 035 $a0077121 100 $a20011126d1995----km-y0itay50------ba 101 0 $aita 102 $aIT 105 $aaf||||||001yy 200 1 $aMezzogiorno e pirateria nell'etą moderna$e(secoli XVI-XVIII)$fMirella Mafrici 210 $aNapoli [etc.]$cEdizioni scientifiche italiane$d1995 215 $a349 p., [8] carte di tav.$cill.$d24 cm 225 2 $aPubblicazioni dell'Universitą degli studi di Salerno$iSezione di studi storici$v7 410 0$1001000567011$12001$aPubblicazioni dell'Universitą degli studi di Salerno. Sezione di studi storici$v, 7 606 0 $aPirateria$yMare Mediterraneo$zSec. 16.-18.$2BNCF 676 $a364.164091638 700 1$aMAFRICI,$bMirella$0437952 801 0$aIT$bsalbc$gISBD 912 $a990000771210203316 951 $aXXX.A. Coll. 228/ 7$b244162 L.M.$cXXX.A. Coll.$d00353819 951 $aX.2.B. 423(III A Coll. 177/7)$b123475 L.M.$cX.2.$d00013607 951 $a900 945.707 MAF$b7079 DISES 959 $aBK 969 $aGIU 969 $aUMA 969 $aDISES 996 $aMezzogiorno e pirateria nell'etą moderna$9216951 997 $aUNISA LEADER 03231nam 2200589 450 001 9910300390503321 005 20210223084051.0 010 $a94-017-8685-2 024 7 $a10.1007/978-94-017-8685-0 035 $a(CKB)3710000000095092 035 $a(DE-He213)978-94-017-8685-0 035 $a(SSID)ssj0001187091 035 $a(PQKBManifestationID)11644354 035 $a(PQKBTitleCode)TC0001187091 035 $a(PQKBWorkID)11243184 035 $a(PQKB)11334220 035 $a(MiAaPQ)EBC3096939 035 $a(MiAaPQ)EBC6356664 035 $a(Au-PeEL)EBL3096939 035 $a(CaPaEBR)ebr10970615 035 $a(OCoLC)876736089 035 $a(PPN)177824875 035 $a(EXLCZ)993710000000095092 100 $a20210223d2014 uy 0 101 0 $aeng 135 $aurnn|008mamaa 181 $ctxt$2rdacontent 182 $cc$2rdamedia 183 $acr$2rdacarrier 200 12$aA course in lens design /$fChris Velzel 205 $a1st ed. 2014. 210 1$aDordrecht :$cSpringer,$d[2014] 210 4$d©2014 215 $a1 online resource (XV, 334 p. 231 illus.) 225 1 $aSpringer series in optical sciences ;$vVolume 183 300 $aBibliographic Level Mode of Issuance: Monograph 311 $a94-017-8684-4 320 $aIncludes bibliographical references and index. 327 $aPreface -- 1 Geometrical Optics -- 2 Optical instruments (paraxial approximation) -- 3 Aberrations -- 4 Lens design process -- 5 Design strategies -- 6 Design examples -- References -- List of exercises -- Index. 330 $aA Course in Lens Design is an instruction in the design of image-forming optical systems. It teaches how a satisfactory design can be obtained in a straightforward way. Theory is limited to a minimum, and used to support the practical design work. The book introduces geometrical optics, optical instruments and aberrations. It gives a description of the process of lens design and of the strategies used in this process. Half of its content is devoted to the design of sixteen types of lenses, described in detail from beginning to end. This book is different from most other books on lens design because it stresses the importance of the initial phases of the design process: (paraxial) lay-out and (thin-lens) pre-design. The argument for this change of accent is that in these phases much information can be obtained about the properties of the lens to be designed. This information can be used in later phases of the design. This makes A Course in Lens Design a useful self-study book, and a suitable basis for an introductory course in lens design. The mathematics mainly used is college algebra, in a few sections calculus is applied. The book could be used by students of engineering and technical physics, and by engineers and scientists. 410 0$aSpringer series in optical sciences ;$vVolume 183. 606 $aLenses$xDesign and construction 615 0$aLenses$xDesign and construction. 676 $a681.423 700 $aVelzel$b C. H. F.$01064909 801 0$bMiAaPQ 801 1$bMiAaPQ 801 2$bMiAaPQ 906 $aBOOK 912 $a9910300390503321 996 $aA course in lens design$92541517 997 $aUNINA